Transporte mit Köpfchen
Na minha lista:
| Autor principal: | |
|---|---|
| Outros Autores: | |
| Formato: | Livro |
| Idioma: | alemão |
| Publicado em: |
Berlin
Dietz
1985
|
| Edição: | 1. Aufl. |
| Colecção: | Ökonomie aktuell
|
| Tags: |
Sem tags, seja o primeiro a adicionar uma tag!
|
MARC
| LEADER | 00000nam a2200000 4500 | ||
|---|---|---|---|
| 001 | c023868 | ||
| 005 | 20221220082421.6 | ||
| 041 | 0 | |a ger | |
| 044 | |a DE | ||
| 245 | 1 | 0 | |a Transporte mit Köpfchen |c Ronald Keusch, Werner Lindner |
| 250 | |a 1. Aufl. | ||
| 264 | 1 | |a Berlin |b Dietz |c 1985 | |
| 300 | |a 79 s. | ||
| 490 | 1 | |a Ökonomie aktuell | |
| 830 | 0 | |a Ökonomie aktuell | |
| 100 | 1 | |a Keusch, Ronald | |
| 700 | 1 | |a Lindner, Werner | |